000 01181nac a22003857a 4500
001 BR7500050
003 BR-BrBNA
005 20240105113825.0
008 230509b bl.|||m| |||| 00| 0 por d
040 _aBR-BrBNA
_bpor
_cBiblioteca Nacional de Agricultura
072 _aM40; M10
090 _a8300 BR7500050
100 1 _aAgnes, J.L.
100 1 _aSachet, Z.P.
100 1 _aZenger Junior, H.H.
110 1 _aPrograma de Pesquisa e Desenvolvimento Pesqueiro do Brasil, Rio de Janeiro, GB
_97978
245 1 _aRelatorio sintese. Navio de pesquisa Diadorim. Seis cruzeiros, area 1. abril - outubro de 1973 [Brasil]
260 3 _aRio de Janeiro, GB (Brasil):
_c1974.
300 _a44 p.
490 _aNavio de Pesquisa Diadorim. Relatorio Sintese (Brazil)
_vno. 3
_x
500 _aSummaries (En, Pt)
650 _aCAMARAO
650 _aCAMARAO ROSA
650 _aSIRI
650 _aCRUSTACEO
650 _aPEIXE
650 _aMOLUSCO
650 _aCAPTURA
650 _aPESQUISA PESQUEIRA
650 _aPARANA
650 _aSANTA CATARINA
650 _aRIO GRANDE DO SUL
909 _a202312
_bLúcia Elande
_c55
_dLúcia Elande
942 _2AGRIS
_n0
_cMS
999 _c265781
_d265781